[Event "DVM U16 2023"]
[Site "Magdeburg GER"]
[Date "2023.12.29"]
[Round "5"]
[White "Uhlmann, Tim"]
[Black "Goldinov, Daniel"]
[Result "0-1"]
[Termination "normal"]
[Board "3.2"]
[WhiteElo "1934"]
[BlackElo "1762"]
[WhiteClock "00:00:58"]
[BlackClock "00:07:54"]
[WhiteTeam "OSG Baden-Baden"]
[BlackTeam "Stuttgarter SF 1879"]
[PlyCount "76"]
[WhiteFideId "16239210"]
[BlackFideId "34605649"]
[EventCountry "GER"]
[EventRounds "7"]
[EventType "team-swiss"]
[EventDate "2023.12.26"]

1. e4 {[%clk 01:30:57]} {[%emt 00:00:02]} c5 {[%clk 01:23:51]} {[%emt
00:07:09]} 2. Nf3 {[%clk 01:31:21]} {[%emt 00:00:05]} e6 {[%clk 01:24:20]}
{[%emt 00:00:03]} 3. c4 {[%clk 01:31:43]} {[%emt 00:00:08]} Nc6 {[%clk
01:24:42]} {[%emt 00:00:08]} 4. Nc3 {[%clk 01:32:08]} {[%emt 00:00:05]} g5
{[%clk 01:22:09]} {[%emt 00:03:03]} 5. h3 {[%clk 01:29:54]} {[%emt 00:02:44]}
Bg7 {[%clk 01:21:52]} {[%emt 00:00:46]} 6. d4 {[%clk 01:25:47]} {[%emt
00:04:38]} Nxd4 {[%clk 01:15:28]} {[%emt 00:06:53]} 7. Nxd4 {[%clk 01:25:19]}
{[%emt 00:00:58]} Bxd4 {[%clk 01:07:12]} {[%emt 00:08:46]} 8. Nb5 {[%clk
01:25:35]} {[%emt 00:00:14]} Be5 {[%clk 00:58:56]} {[%emt 00:08:46]} 9. Qh5
{[%clk 01:02:15]} {[%emt 00:23:49]} a6 {[%clk 00:48:14]} {[%emt 00:11:13]} 10.
f4 {[%clk 00:57:46]} {[%emt 00:04:59]} Bb8 {[%clk 00:43:15]} {[%emt 00:05:29]}
11. Nc3 {[%clk 00:54:33]} {[%emt 00:03:43]} b6 {[%clk 00:37:26]} {[%emt
00:06:20]} 12. fxg5 {[%clk 00:51:49]} {[%emt 00:03:13]} Bg3+ {[%clk 00:36:34]}
{[%emt 00:01:23]} 13. Kd1 {[%clk 00:50:58]} {[%emt 00:01:20]} Bb7 {[%clk
00:33:55]} {[%emt 00:03:10]} 14. Qf3 {[%clk 00:49:52]} {[%emt 00:01:35]} Be5
{[%clk 00:33:37]} {[%emt 00:00:48]} 15. Be2 {[%clk 00:44:52]} {[%emt 00:05:30]}
Qc7 {[%clk 00:28:42]} {[%emt 00:05:25]} 16. Rf1 {[%clk 00:40:30]} {[%emt
00:04:52]} O-O-O {[%clk 00:26:15]} {[%emt 00:02:58]} 17. Bd2 {[%clk 00:32:32]}
{[%emt 00:08:27]} Ne7 {[%clk 00:25:25]} {[%emt 00:01:20]} 18. Qh5 {[%clk
00:26:23]} {[%emt 00:06:37]} Ng6 {[%clk 00:20:57]} {[%emt 00:05:00]} 19. Rxf7
{[%clk 00:24:43]} {[%emt 00:02:10]} Qd6 {[%clk 00:21:07]} {[%emt 00:00:21]} 20.
Kc2 {[%clk 00:19:47]} {[%emt 00:05:25]} Qd4 {[%clk 00:16:03]} {[%emt 00:05:34]}
21. Bd3 {[%clk 00:10:02]} {[%emt 00:10:14]} b5 {[%clk 00:14:20]} {[%emt
00:02:14]} 22. Qe2 {[%clk 00:09:13]} {[%emt 00:01:18]} b4 {[%clk 00:10:01]}
{[%emt 00:04:50]} 23. Na4 {[%clk 00:07:58]} {[%emt 00:01:44]} Bc6 {[%clk
00:08:24]} {[%emt 00:02:08]} 24. Nb6+ {[%clk 00:05:56]} {[%emt 00:02:32]} Kb7
{[%clk 00:08:30]} {[%emt 00:00:23]} 25. Rb1 {[%clk 00:02:44]} {[%emt 00:03:42]}
Kxb6 {[%clk 00:08:27]} {[%emt 00:00:33]} 26. a3 {[%clk 00:02:30]} {[%emt
00:00:45]} a5 {[%clk 00:08:01]} {[%emt 00:00:56]} 27. axb4 {[%clk 00:02:02]}
{[%emt 00:00:58]} axb4 {[%clk 00:08:22]} {[%emt 00:00:09]} 28. Be3 {[%clk
00:01:36]} {[%emt 00:00:56]} Qd6 {[%clk 00:08:32]} {[%emt 00:00:20]} 29. Qe1
{[%clk 00:01:11]} {[%emt 00:00:54]} Bd4 {[%clk 00:08:00]} {[%emt 00:01:03]} 30.
Bd2 {[%clk 00:00:48]} {[%emt 00:00:54]} Ra8 {[%clk 00:07:41]} {[%emt 00:00:48]}
31. Ra1 {[%clk 00:00:43]} {[%emt 00:00:35]} Ba4+ {[%clk 00:07:08]} {[%emt
00:01:02]} 32. Kb1 {[%clk 00:00:33]} {[%emt 00:00:41]} Bxb2 {[%clk 00:06:47]}
{[%emt 00:00:50]} 33. Qe3 {[%clk 00:00:35]} {[%emt 00:00:29]} Bd4 {[%clk
00:06:42]} {[%emt 00:00:34]} 34. e5 {[%clk 00:00:34]} {[%emt 00:00:31]} Bxe3
{[%clk 00:06:34]} {[%emt 00:00:39]} 35. exd6 {[%clk 00:00:59]} {[%emt
00:00:06]} Bxd2 {[%clk 00:06:53]} {[%emt 00:00:10]} 36. Be4 {[%clk 00:00:59]}
{[%emt 00:00:30]} Ra7 {[%clk 00:07:13]} {[%emt 00:00:10]} 37. Rxa4 {[%clk
00:00:34]} {[%emt 00:00:55]} Rxa4 {[%clk 00:07:31]} {[%emt 00:00:11]} 38. Rxd7
{[%clk 00:00:58]} {[%emt 00:00:06]} Ra7 {[%clk 00:07:54]} {[%emt 00:00:07]} 0-1

[Event "DVM U16 2023"]
[Site "Magdeburg GER"]
[Date "2023.12.29"]
[Round "5"]
[White "Nunez Grégoire, Daniel"]
[Black "Neves, Carlos"]
[Result "1-0"]
[Termination "normal"]
[Board "3.3"]
[WhiteElo "1708"]
[BlackElo "1721"]
[WhiteClock "01:09:46"]
[BlackClock "00:01:15"]
[WhiteTeam "Stuttgarter SF 1879"]
[BlackTeam "OSG Baden-Baden"]
[PlyCount "119"]
[WhiteFideId "34627103"]
[BlackFideId "16258320"]
[EventCountry "GER"]
[EventRounds "7"]
[EventType "team-swiss"]
[EventDate "2023.12.26"]

1. c4 {[%clk 01:30:59]} {[%emt 00:00:01]} g6 {[%clk 01:30:50]} {[%emt
00:00:10]} 2. d4 {[%clk 01:31:14]} {[%emt 00:00:14]} Nf6 {[%clk 01:31:10]}
{[%emt 00:00:10]} 3. Nc3 {[%clk 01:31:41]} {[%emt 00:00:04]} Bg7 {[%clk
01:31:34]} {[%emt 00:00:06]} 4. e4 {[%clk 01:32:07]} {[%emt 00:00:05]} d6
{[%clk 01:31:58]} {[%emt 00:00:05]} 5. Nf3 {[%clk 01:32:34]} {[%emt 00:00:03]}
O-O {[%clk 01:32:22]} {[%emt 00:00:06]} 6. Be2 {[%clk 01:33:00]} {[%emt
00:00:04]} e5 {[%clk 01:32:44]} {[%emt 00:00:07]} 7. dxe5 {[%clk 01:33:27]}
{[%emt 00:00:03]} dxe5 {[%clk 01:33:07]} {[%emt 00:00:08]} 8. Qxd8 {[%clk
01:33:53]} {[%emt 00:00:04]} Rxd8 {[%clk 01:33:29]} {[%emt 00:00:07]} 9. Bg5
{[%clk 01:34:20]} {[%emt 00:00:03]} Re8 {[%clk 01:32:45]} {[%emt 00:01:15]} 10.
Nd2 {[%clk 01:34:45]} {[%emt 00:00:05]} Be6 {[%clk 01:31:47]} {[%emt 00:01:27]}
11. f3 {[%clk 01:33:59]} {[%emt 00:01:18]} Nc6 {[%clk 01:31:16]} {[%emt
00:01:00]} 12. Nd5 {[%clk 01:33:49]} {[%emt 00:00:39]} Bxd5 {[%clk 01:31:13]}
{[%emt 00:00:34]} 13. cxd5 {[%clk 01:34:11]} {[%emt 00:00:08]} Nd4 {[%clk
01:31:35]} {[%emt 00:00:07]} 14. Rc1 {[%clk 01:34:25]} {[%emt 00:00:16]} Rac8
{[%clk 01:30:02]} {[%emt 00:02:03]} 15. Nb3 {[%clk 01:33:29]} {[%emt 00:01:27]}
c6 {[%clk 01:21:26]} {[%emt 00:09:05]} 16. dxc6 {[%clk 01:32:34]} {[%emt
00:01:26]} Nxb3 {[%clk 01:21:31]} {[%emt 00:00:25]} 17. axb3 {[%clk 01:32:55]}
{[%emt 00:00:09]} Rxc6 {[%clk 01:21:39]} {[%emt 00:00:22]} 18. Rxc6 {[%clk
01:33:11]} {[%emt 00:00:14]} bxc6 {[%clk 01:22:04]} {[%emt 00:00:04]} 19. Kd2
{[%clk 01:32:47]} {[%emt 00:00:53]} Rb8 {[%clk 01:18:42]} {[%emt 00:03:53]} 20.
Bc4 {[%clk 01:32:00]} {[%emt 00:01:17]} Nd7 {[%clk 01:10:04]} {[%emt 00:09:08]}
21. Ra1 {[%clk 01:31:21]} {[%emt 00:01:08]} Rb7 {[%clk 01:08:49]} {[%emt
00:01:46]} 22. Be3 {[%clk 01:29:27]} {[%emt 00:02:24]} Nb6 {[%clk 01:04:06]}
{[%emt 00:05:13]} 23. Kc2 {[%clk 01:27:30]} {[%emt 00:02:27]} Bf8 {[%clk
01:00:44]} {[%emt 00:03:52]} 24. Ra5 {[%clk 01:20:34]} {[%emt 00:07:25]} Nd7
{[%clk 00:44:27]} {[%emt 00:16:46]} 25. Rxa7 {[%clk 01:19:49]} {[%emt
00:01:17]} Rxa7 {[%clk 00:44:51]} {[%emt 00:00:06]} 26. Bxa7 {[%clk 01:20:14]}
{[%emt 00:00:05]} Bb4 {[%clk 00:44:55]} {[%emt 00:00:25]} 27. Be3 {[%clk
01:20:09]} {[%emt 00:00:35]} Kf8 {[%clk 00:42:25]} {[%emt 00:03:02]} 28. Bd2
{[%clk 01:20:20]} {[%emt 00:00:19]} c5 {[%clk 00:42:45]} {[%emt 00:00:10]} 29.
Bb5 {[%clk 01:19:27]} {[%emt 00:01:23]} Nb6 {[%clk 00:42:37]} {[%emt 00:00:37]}
30. Bc3 {[%clk 01:19:35]} {[%emt 00:00:22]} f6 {[%clk 00:40:34]} {[%emt
00:02:33]} 31. Kd3 {[%clk 01:19:22]} {[%emt 00:00:43]} Ke7 {[%clk 00:40:45]}
{[%emt 00:00:19]} 32. g3 {[%clk 01:19:06]} {[%emt 00:00:47]} g5 {[%clk
00:39:18]} {[%emt 00:01:57]} 33. Ke3 {[%clk 01:18:32]} {[%emt 00:01:04]} Ke6
{[%clk 00:37:10]} {[%emt 00:02:37]} 34. h3 {[%clk 01:18:14]} {[%emt 00:00:48]}
h6 {[%clk 00:34:51]} {[%emt 00:02:50]} 35. f4 {[%clk 01:18:11]} {[%emt
00:00:33]} Kd6 {[%clk 00:32:51]} {[%emt 00:02:30]} 36. Kf3 {[%clk 01:17:52]}
{[%emt 00:00:49]} Ke6 {[%clk 00:29:41]} {[%emt 00:03:39]} 37. Kg4 {[%clk
01:17:33]} {[%emt 00:00:49]} h5+ {[%clk 00:27:44]} {[%emt 00:02:27]} 38. Kxh5
{[%clk 01:15:03]} {[%emt 00:03:00]} exf4 {[%clk 00:27:24]} {[%emt 00:00:50]}
39. gxf4 {[%clk 01:15:26]} {[%emt 00:00:07]} gxf4 {[%clk 00:27:40]} {[%emt
00:00:14]} 40. Kg4 {[%clk 01:15:49]} {[%emt 00:00:07]} Bxc3 {[%clk 00:27:31]}
{[%emt 00:00:40]} 41. bxc3 {[%clk 01:16:14]} {[%emt 00:00:05]} Ke5 {[%clk
00:27:52]} {[%emt 00:00:08]} 42. Kf3 {[%clk 01:15:58]} {[%emt 00:00:45]} f5
{[%clk 00:26:30]} {[%emt 00:01:54]} 43. exf5 {[%clk 01:15:21]} {[%emt
00:01:07]} Nd5 {[%clk 00:24:39]} {[%emt 00:02:19]} 44. Bd3 {[%clk 01:11:07]}
{[%emt 00:04:45]} Nxc3 {[%clk 00:22:55]} {[%emt 00:02:15]} 45. h4 {[%clk
01:11:08]} {[%emt 00:00:29]} Nd5 {[%clk 00:22:55]} {[%emt 00:00:30]} 46. h5
{[%clk 01:11:05]} {[%emt 00:00:33]} Nf6 {[%clk 00:22:48]} {[%emt 00:00:36]} 47.
h6 {[%clk 01:11:07]} {[%emt 00:00:28]} Nh7 {[%clk 00:22:16]} {[%emt 00:01:01]}
48. Kg4 {[%clk 01:10:33]} {[%emt 00:01:05]} Kd4 {[%clk 00:15:25]} {[%emt
00:07:22]} 49. Bc4 {[%clk 01:10:24]} {[%emt 00:00:38]} Ke4 {[%clk 00:13:31]}
{[%emt 00:02:24]} 50. Ba6 {[%clk 01:09:50]} {[%emt 00:01:03]} Nf6 {[%clk
00:10:13]} {[%emt 00:03:49]} 51. Kg5 {[%clk 01:09:51]} {[%emt 00:00:30]} Ke5
{[%clk 00:10:03]} {[%emt 00:00:39]} 52. Kg6 {[%clk 01:09:06]} {[%emt 00:01:14]}
f3 {[%clk 00:08:29]} {[%emt 00:02:05]} 53. Bb5 {[%clk 01:09:00]} {[%emt
00:00:36]} f2 {[%clk 00:07:24]} {[%emt 00:01:36]} 54. Bf1 {[%clk 01:08:10]}
{[%emt 00:01:19]} Nd7 {[%clk 00:06:40]} {[%emt 00:01:14]} 55. Bh3 {[%clk
01:08:14]} {[%emt 00:00:26]} Nf6 {[%clk 00:01:09]} {[%emt 00:06:02]} 56. h7
{[%clk 01:08:15]} {[%emt 00:00:29]} Nxh7 {[%clk 00:00:54]} {[%emt 00:00:44]}
57. Kxh7 {[%clk 01:08:39]} {[%emt 00:00:06]} f1=Q {[%clk 00:01:18]} {[%emt
00:00:06]} 58. Bxf1 {[%clk 01:09:04]} {[%emt 00:00:04]} Kxf5 {[%clk 00:01:41]}
{[%emt 00:00:08]} 59. Bc4 {[%clk 01:09:24]} {[%emt 00:00:09]} Kf6 {[%clk
00:01:15]} {[%emt 00:00:57]} 60. Kg8 {[%clk 01:09:46]} {[%emt 00:00:08]} 1-0

[Event "DVM U16 2023"]
[Site "Magdeburg GER"]
[Date "2023.12.29"]
[Round "5"]
[White "Uhlmann, Jonas"]
[Black "Gotfried, Elias"]
[Result "1/2-1/2"]
[Termination "normal"]
[Board "3.4"]
[WhiteElo "1612"]
[BlackElo "1375"]
[WhiteClock "00:13:48"]
[BlackClock "00:11:24"]
[WhiteTeam "OSG Baden-Baden"]
[BlackTeam "Stuttgarter SF 1879"]
[PlyCount "76"]
[WhiteFideId "16258576"]
[BlackFideId "34630171"]
[EventCountry "GER"]
[EventRounds "7"]
[EventType "team-swiss"]
[EventDate "2023.12.26"]

1. e4 {[%clk 01:30:57]} {[%emt 00:00:03]} e6 {[%clk 01:30:55]} {[%emt
00:00:06]} 2. d4 {[%clk 01:30:58]} {[%emt 00:00:29]} d5 {[%clk 01:31:20]}
{[%emt 00:00:05]} 3. exd5 {[%clk 01:31:09]} {[%emt 00:00:18]} exd5 {[%clk
01:31:43]} {[%emt 00:00:07]} 4. Nf3 {[%clk 01:31:16]} {[%emt 00:00:23]} Nf6
{[%clk 01:32:05]} {[%emt 00:00:08]} 5. Bd3 {[%clk 01:31:32]} {[%emt 00:00:13]}
Bd6 {[%clk 01:32:31]} {[%emt 00:00:05]} 6. h3 {[%clk 01:30:13]} {[%emt
00:01:48]} O-O {[%clk 01:25:55]} {[%emt 00:07:06]} 7. O-O {[%clk 01:27:35]}
{[%emt 00:03:08]} Nc6 {[%clk 01:25:14]} {[%emt 00:01:12]} 8. c3 {[%clk
01:23:24]} {[%emt 00:04:41]} Ne7 {[%clk 01:24:19]} {[%emt 00:01:25]} 9. Nbd2
{[%clk 01:09:37]} {[%emt 00:14:17]} Ng6 {[%clk 01:20:08]} {[%emt 00:04:41]} 10.
Re1 {[%clk 01:08:37]} {[%emt 00:01:29]} Nf4 {[%clk 01:12:00]} {[%emt 00:08:39]}
11. Bf1 {[%clk 01:08:33]} {[%emt 00:00:34]} Bf5 {[%clk 01:10:24]} {[%emt
00:02:06]} 12. Nb3 {[%clk 01:07:10]} {[%emt 00:01:52]} Ne4 {[%clk 01:07:03]}
{[%emt 00:03:51]} 13. g4 {[%clk 01:02:34]} {[%emt 00:05:06]} Bd7 {[%clk
01:03:01]} {[%emt 00:04:31]} 14. Nc5 {[%clk 01:00:40]} {[%emt 00:02:26]} Bc6
{[%clk 00:55:34]} {[%emt 00:07:56]} 15. Nd3 {[%clk 00:54:28]} {[%emt 00:06:42]}
Ng6 {[%clk 00:53:16]} {[%emt 00:02:46]} 16. Nfe5 {[%clk 00:51:40]} {[%emt
00:03:21]} Re8 {[%clk 00:47:04]} {[%emt 00:06:42]} 17. f4 {[%clk 00:48:55]}
{[%emt 00:03:14]} f6 {[%clk 00:44:15]} {[%emt 00:03:20]} 18. Nxc6 {[%clk
00:40:39]} {[%emt 00:08:45]} bxc6 {[%clk 00:44:30]} {[%emt 00:00:15]} 19. Bg2
{[%clk 00:40:43]} {[%emt 00:00:25]} Qd7 {[%clk 00:36:37]} {[%emt 00:08:25]} 20.
Bxe4 {[%clk 00:28:44]} {[%emt 00:12:29]} dxe4 {[%clk 00:36:10]} {[%emt
00:00:57]} 21. Nf2 {[%clk 00:26:59]} {[%emt 00:02:15]} f5 {[%clk 00:32:07]}
{[%emt 00:04:33]} 22. gxf5 {[%clk 00:25:00]} {[%emt 00:02:29]} Qxf5 {[%clk
00:32:25]} {[%emt 00:00:10]} 23. Qg4 {[%clk 00:25:14]} {[%emt 00:00:18]} Qxg4+
{[%clk 00:30:39]} {[%emt 00:02:16]} 24. hxg4 {[%clk 00:25:24]} {[%emt
00:00:18]} Nxf4 {[%clk 00:27:05]} {[%emt 00:04:05]} 25. Bxf4 {[%clk 00:24:07]}
{[%emt 00:01:47]} Bxf4 {[%clk 00:27:28]} {[%emt 00:00:07]} 26. Nxe4 {[%clk
00:24:30]} {[%emt 00:00:07]} Kf7 {[%clk 00:24:38]} {[%emt 00:03:21]} 27. Nc5
{[%clk 00:23:46]} {[%emt 00:01:14]} Bg3 {[%clk 00:21:43]} {[%emt 00:03:25]} 28.
Rf1+ {[%clk 00:20:23]} {[%emt 00:03:52]} Kg6 {[%clk 00:21:10]} {[%emt
00:01:00]} 29. Rf3 {[%clk 00:18:45]} {[%emt 00:02:12]} Bd6 {[%clk 00:18:35]}
{[%emt 00:02:57]} 30. Nd3 {[%clk 00:18:37]} {[%emt 00:00:46]} Re2 {[%clk
00:16:40]} {[%emt 00:02:24]} 31. Raf1 {[%clk 00:16:45]} {[%emt 00:02:22]} Rae8
{[%clk 00:15:04]} {[%emt 00:02:04]} 32. R1f2 {[%clk 00:16:02]} {[%emt
00:01:15]} R8e3 {[%clk 00:14:04]} {[%emt 00:01:31]} 33. c4 {[%clk 00:15:59]}
{[%emt 00:00:32]} Rxf3 {[%clk 00:12:52]} {[%emt 00:01:43]} 34. Rxf3 {[%clk
00:16:20]} {[%emt 00:00:09]} Re4 {[%clk 00:13:05]} {[%emt 00:00:16]} 35. c5
{[%clk 00:16:03]} {[%emt 00:00:47]} Rxg4+ {[%clk 00:11:39]} {[%emt 00:01:56]}
36. Kf2 {[%clk 00:15:46]} {[%emt 00:00:46]} Bh2 {[%clk 00:11:36]} {[%emt
00:00:34]} 37. Rh3 {[%clk 00:14:43]} {[%emt 00:01:33]} Rxd4 {[%clk 00:11:37]}
{[%emt 00:00:30]} 38. Kg2 {[%clk 00:13:48]} {[%emt 00:01:25]} Bf4 {[%clk
00:11:24]} {[%emt 00:00:41]} 1/2-1/2

[Event "DVM U16 2023"]
[Site "Magdeburg GER"]
[Date "2023.12.29"]
[Round "5"]
[White "Beyer, Lorenz"]
[Black "Freude, Max"]
[Result "0-1"]
[Termination "normal"]
[Board "4.1"]
[WhiteElo "2109"]
[BlackElo "1902"]
[WhiteClock "00:10:16"]
[BlackClock "00:09:49"]
[WhiteTeam "Barnimer SF im SV Stahl Finow"]
[BlackTeam "SV Empor Berlin"]
[PlyCount "74"]
[WhiteFideId "16245393"]
[BlackFideId "16236157"]
[EventCountry "GER"]
[EventRounds "7"]
[EventType "team-swiss"]
[EventDate "2023.12.26"]

1. d4 {[%clk 01:30:55]} {[%emt 00:00:04]} Nf6 {[%clk 01:30:55]} {[%emt
00:00:05]} 2. Bf4 {[%clk 01:31:19]} {[%emt 00:00:07]} d5 {[%clk 01:31:19]}
{[%emt 00:00:06]} 3. e3 {[%clk 01:31:44]} {[%emt 00:00:04]} c5 {[%clk
01:31:42]} {[%emt 00:00:07]} 4. c3 {[%clk 01:32:10]} {[%emt 00:00:03]} Nc6
{[%clk 01:32:06]} {[%emt 00:00:07]} 5. Nf3 {[%clk 01:32:37]} {[%emt 00:00:04]}
Qb6 {[%clk 01:32:27]} {[%emt 00:00:09]} 6. Qc2 {[%clk 01:33:03]} {[%emt
00:00:04]} g6 {[%clk 01:32:34]} {[%emt 00:00:23]} 7. Nbd2 {[%clk 01:33:28]}
{[%emt 00:00:05]} Bg7 {[%clk 01:32:52]} {[%emt 00:00:12]} 8. h3 {[%clk
01:33:54]} {[%emt 00:00:05]} O-O {[%clk 01:33:13]} {[%emt 00:00:08]} 9. Be2
{[%clk 01:34:22]} {[%emt 00:00:03]} Bf5 {[%clk 01:30:45]} {[%emt 00:02:58]} 10.
Qb3 {[%clk 01:34:37]} {[%emt 00:00:16]} c4 {[%clk 01:30:55]} {[%emt 00:00:20]}
11. Qxb6 {[%clk 01:34:35]} {[%emt 00:00:32]} axb6 {[%clk 01:31:23]} {[%emt
00:00:02]} 12. g4 {[%clk 01:34:32]} {[%emt 00:00:32]} Be6 {[%clk 01:06:20]}
{[%emt 00:25:33]} 13. O-O {[%clk 01:16:21]} {[%emt 00:18:41]} Nd7 {[%clk
01:00:50]} {[%emt 00:06:00]} 14. Ng5 {[%clk 01:09:57]} {[%emt 00:06:55]} h6
{[%clk 00:57:53]} {[%emt 00:03:27]} 15. Nxe6 {[%clk 01:09:27]} {[%emt
00:00:59]} fxe6 {[%clk 00:58:22]} {[%emt 00:00:02]} 16. Bg3 {[%clk 00:58:05]}
{[%emt 00:11:51]} e5 {[%clk 00:55:08]} {[%emt 00:03:44]} 17. dxe5 {[%clk
00:40:58]} {[%emt 00:17:37]} Ncxe5 {[%clk 00:49:43]} {[%emt 00:05:55]} 18. e4
{[%clk 00:40:20]} {[%emt 00:01:08]} e6 {[%clk 00:47:09]} {[%emt 00:03:04]} 19.
f4 {[%clk 00:39:41]} {[%emt 00:01:09]} Nd3 {[%clk 00:45:31]} {[%emt 00:02:08]}
20. Bxd3 {[%clk 00:38:57]} {[%emt 00:01:15]} cxd3 {[%clk 00:45:51]} {[%emt
00:00:09]} 21. exd5 {[%clk 00:37:05]} {[%emt 00:02:22]} exd5 {[%clk 00:46:04]}
{[%emt 00:00:17]} 22. Rfe1 {[%clk 00:35:50]} {[%emt 00:01:44]} Nc5 {[%clk
00:42:12]} {[%emt 00:04:22]} 23. Kg2 {[%clk 00:30:07]} {[%emt 00:06:14]} Na4
{[%clk 00:36:26]} {[%emt 00:06:16]} 24. Rab1 {[%clk 00:30:06]} {[%emt
00:00:31]} Rfc8 {[%clk 00:22:45]} {[%emt 00:14:11]} 25. Re6 {[%clk 00:26:52]}
{[%emt 00:03:44]} Re8 {[%clk 00:21:47]} {[%emt 00:01:29]} 26. f5 {[%clk
00:19:56]} {[%emt 00:07:26]} Rxe6 {[%clk 00:21:05]} {[%emt 00:01:12]} 27. fxe6
{[%clk 00:20:25]} {[%emt 00:00:02]} Re8 {[%clk 00:21:17]} {[%emt 00:00:18]} 28.
Re1 {[%clk 00:19:25]} {[%emt 00:01:30]} Nxb2 {[%clk 00:20:47]} {[%emt
00:01:00]} 29. Nb1 {[%clk 00:19:46]} {[%emt 00:00:09]} Nc4 {[%clk 00:16:41]}
{[%emt 00:04:36]} 30. Bf4 {[%clk 00:15:22]} {[%emt 00:04:54]} g5 {[%clk
00:16:35]} {[%emt 00:00:35]} 31. Bc1 {[%clk 00:15:48]} {[%emt 00:00:04]} Be5
{[%clk 00:15:51]} {[%emt 00:01:15]} 32. Rd1 {[%clk 00:16:10]} {[%emt 00:00:08]}
d2 {[%clk 00:11:46]} {[%emt 00:04:35]} 33. Bxd2 {[%clk 00:15:55]} {[%emt
00:00:45]} Rxe6 {[%clk 00:12:00]} {[%emt 00:00:16]} 34. h4 {[%clk 00:13:47]}
{[%emt 00:02:38]} gxh4 {[%clk 00:11:36]} {[%emt 00:00:54]} 35. Kf3 {[%clk
00:10:01]} {[%emt 00:04:15]} Rf6+ {[%clk 00:10:51]} {[%emt 00:01:16]} 36. Ke2
{[%clk 00:10:14]} {[%emt 00:00:18]} Bg3 {[%emt 00:01:50]} 37. g5 {[%clk
00:10:16]} {[%emt 00:00:27]} Rf2+ {[%clk 00:09:49]} {[%emt 00:00:13]} 0-1